[Event "USA-ch"]
[Site "Seattle"]
[Date "2003.01.13"]
[Round "5"]
[White "Shiber, Julia"]
[Black "Markzon, Gregory"]
[Result "0-1"]
[WhiteElo "2182"]
[BlackElo "2326"]
[PlyCount "48"]
[EventDate "2003.01.09"]
[EventType "swiss"]
[EventRounds "9"]
[EventCountry "USA"]
[SourceTitle "CBM 093"]
[Source "ChessBase"]
[SourceDate "2003.04.01"]
[SourceVersion "1"]
[SourceVersionDate "2003.04.01"]
[SourceQuality "1"]

1. e4 c5 2. Nc3 e6 3. g3 d5 4. exd5 exd5 5. d3 Nf6 6. Bg2 Bg4 7. f3 Be6 8. Nge2 d4 9. Ne4 Nxe4 10. fxe4 Be7 11. 0-0 g5 12. Kh1 Nc6 13. Ng1 h5 14. a3 h4 15. g4 h3 16. Nxh3 Ne5 17. Rf5 Bxf5 18. exf5 Qc7 19. Nxg5 Nxg4 20. Kg1 Qxh2+ 21. Kf1 Ne3+ 22. Bxe3 dxe3 23. Ne4 Rh4 24. Qe2 Rf4+ 0-1

[Event "USA-ch"]
[Site "Seattle"]
[Date "2003.01.12"]
[Round "4"]
[White "Ippolito, Dean"]
[Black "Shiber, Julia"]
[Result "1-0"]
[WhiteElo "2378"]
[BlackElo "2182"]
[PlyCount "123"]
[EventDate "2003.01.09"]
[EventType "swiss"]
[EventRounds "9"]
[EventCountry "USA"]
[SourceTitle "CBM 093"]
[Source "ChessBase"]
[SourceDate "2003.04.01"]
[SourceVersion "1"]
[SourceVersionDate "2003.04.01"]
[SourceQuality "1"]

1. d4 d5 2. c4 c6 3. Nf3 Nf6 4. Qb3 e6 5. g3 Qb6 6. Bg2 Be7 7. 0-0 0-0 8. Nc3 Nbd7 9. Rd1 Rd8 10. h3 Qb4 11. cxd5 Qxb3 12. axb3 exd5 13. g4 Bd6 14. Ne1 Nf8 15. Nd3 Ne6 16. Be3 Re8 17. f3 h6 18. Bf2 Nf4 19. e4 dxe4 20. fxe4 Bc7 21. Nxf4 Bxf4 22. e5 Nh7 23. Ne4 f6 24. Nd6 Rd8 25. Nxc8 Rdxc8 26. e6 Bd6 27. d5 c5 28. h4 Rc7 29. Be4 b6 30. Kg2 Rd8 31. Bg3 Nf8 32. Kf3 g6 33. Bxd6 Rxd6 34. Ke2 a5 35. Rd3 Re7 36. Kd2 Kg7 37. Re1 Kg8 38. Kc3 Kg7 39. Kd2 Kg8 40. Rg1 Kg7 41. Bf3 Nh7 42. Kc3 Rc7 43. Kc4 Re7 44. Re3 Nf8 45. Re2 Nh7 46. Be4 Nf8 47. h5 g5 48. Rg3 Rd8 49. Rf3 Rd6 50. Rd3 Kg8 51. Rf3 Kg7 52. Bd3 Rd8 53. Ref2 Nxe6 54. dxe6 Rxe6 55. Bf5 Rd4+ 56. Kc3 Red6 57. Rd3 Rxd3+ 58. Bxd3 Rd4 59. Bf5 Kf7 60. Re2 Rf4 61. Rd2 Rf3+ 62. Rd3 1-0

[Event "USA-ch"]
[Site "Seattle"]
[Date "2003.01.11"]
[Round "3"]
[White "Paschall, William M"]
[Black "Shiber, Julia"]
[Result "1-0"]
[WhiteElo "2444"]
[BlackElo "2182"]
[PlyCount "45"]
[EventDate "2003.01.09"]
[EventType "swiss"]
[EventRounds "9"]
[EventCountry "USA"]
[SourceTitle "CBM 093"]
[Source "ChessBase"]
[SourceDate "2003.04.01"]
[SourceVersion "1"]
[SourceVersionDate "2003.04.01"]
[SourceQuality "1"]

1. c4 e6 2. Nf3 d5 3. g3 c5 4. cxd5 exd5 5. d4 Nc6 6. Bg2 Nf6 7. 0-0 Be7 8. Nc3 0-0 9. Bg5 Be6 10. Rc1 b6 11. Qa4 Rc8 12. Rfd1 h6 13. Bf4 g5 14. Bd2 Ne4 15. Be1 Qe8 16. dxc5 Nxc5 17. Qc2 Bf6 18. Nxd5 Bxd5 19. Rxd5 Qe6 20. Rcd1 Ne4 21. Qb1 a5 22. Nd2 Qxd5 23. Nxe4 1-0

[Event "New York State-ch 124th"]
[Site "Kerhonkson"]
[Date "2002.08.31"]
[Round "1"]
[White "Shiber, Julia"]
[Black "Bonin, Jay R"]
[Result "0-1"]
[WhiteElo "2145"]
[BlackElo "2407"]
[PlyCount "120"]
[EventDate "2002.08.31"]
[EventType "swiss"]
[EventRounds "6"]
[EventCountry "USA"]
[SourceTitle "CBM 090 Extra"]
[Source "ChessBase"]
[SourceDate "2002.11.07"]
[SourceVersion "1"]
[SourceVersionDate "2002.11.07"]
[SourceQuality "1"]

1. e4 c5 2. Nc3 Nc6 3. g3 g6 4. Bg2 Bg7 5. d3 d6 6. Be3 e6 7. Qd2 Qa5 8. Nge2 Nd4 9. Nc1 Ne7 10. 0-0 0-0 11. Nb3 Qd8 12. Nc1 Rb8 13. Nd1 b6 14. c3 Ndc6 15. Bh6 Bb7 16. Bxg7 Kxg7 17. f4 f5 18. Ne3 Qd7 19. Ne2 Nd8 20. h3 Nf7 21. g4 d5 22. exf5 gxf5 23. Ng3 Nd6 24. g5 Ng6 25. Qe2 Kh8 26. Nh5 Qf7 27. Nc2 Rbe8 28. Nf6 Re7 29. Rae1 Qg7 30. Nh5 Qf7 31. Nf6 Ba6 32. h4 Ne4 33. h5 Nh4 34. Bxe4 fxe4 35. c4 Qg7 36. Qg4 Nf3+ 37. Rxf3 exf3 38. h6 Qg6 39. Nxd5 exd5 40. Rxe7 Qxd3 41. Ne3 d4 42. Nd5 Bxc4 43. Nf6 Qf1+ 44. Kh2 Qf2+ 45. Kh1 Bf7 46. Qg1 Qxb2 47. Ne4 Bd5 48. Nf2 Rxf4 49. Re8+ Bg8 50. Qg3 Qc1+ 51. Kh2 Qf1 52. g6 Rh4+ 53. Nh3 Rxh3+ 54. Qxh3 Qxh3+ 55. Kxh3 hxg6 56. Kg3 Kh7 57. a3 Bb3 58. Re7+ Kxh6 59. Rxa7 d3 60. Kxf3 d2 0-1

[Event "Ceske Budejovice op"]
[Site "Ceske Budejovice"]
[Date "1996.??.??"]
[Round "7"]
[White "Shiber, Julia"]
[Black "Piza, Vlastimil"]
[Result "0-1"]
[WhiteElo "2155"]
[BlackElo "2280"]
[PlyCount "66"]
[EventDate "1996.??.??"]
[EventType "swiss"]
[EventRounds "9"]
[EventCountry "CZE"]
[SourceTitle "EXT 2001"]
[Source "ChessBase"]
[SourceDate "2000.11.22"]
[SourceVersion "1"]
[SourceVersionDate "2000.11.22"]
[SourceQuality "1"]

1. e4 d6 2. d4 Nf6 3. Bd3 e5 4. c3 g6 5. Nf3 Nc6 6. d5 Ne7 7. 0-0 Bg7 8. c4 0-0 9. Nc3 Nh5 10. Ne1 Nf4 11. Ne2 f5 12. Nxf4 exf4 13. Nf3 h6 14. Rb1 g5 15. Bc2 fxe4 16. Bxe4 Nf5 17. h3 Qe8 18. Qd3 Qf7 19. b3 Bd7 20. Bb2 Bxb2 21. Rxb2 Qg7 22. Re2 h5 23. Bxf5 Bxf5 24. Qd2 g4 25. hxg4 Bxg4 26. Kh2 Bxf3 27. gxf3 Qf6 28. Rg1+ Kf7 29. Re6 Qh4+ 30. Kg2 Rg8+ 31. Kf1 Qh3+ 32. Ke2 Rxg1 33. Qxf4+ Kg8 0-1

[Event "Ceske Budejovice op"]
[Site "Ceske Budejovice"]
[Date "1996.??.??"]
[Round "1"]
[White "Shiber, Julia"]
[Black "Tratar, Marko"]
[Result "0-1"]
[WhiteElo "2155"]
[BlackElo "2420"]
[PlyCount "96"]
[EventDate "1996.??.??"]
[EventType "swiss"]
[EventRounds "9"]
[EventCountry "CZE"]
[SourceTitle "EXT 1998"]
[Source "ChessBase"]
[SourceDate "1997.11.17"]
[SourceVersion "1"]
[SourceVersionDate "1997.11.17"]
[SourceQuality "1"]

1. e4 c5 2. c3 d6 3. d4 Nf6 4. Bd3 g6 5. Nf3 Bg4 6. 0-0 Bg7 7. Be3 cxd4 8. cxd4 0-0 9. Nbd2 Nc6 10. h3 Bxf3 11. Nxf3 d5 12. e5 Nd7 13. Rc1 Rc8 14. Qd2 Nb6 15. b3 f6 16. exf6 exf6 17. Bh6 Qd6 18. Bxg7 Kxg7 19. Rfe1 Na8 20. h4 Nc7 21. Bb1 Rce8 22. Rxe8 Rxe8 23. g3 f5 24. h5 Qf6 25. hxg6 hxg6 26. Kg2 Ne6 27. Rh1 f4 28. Qd3 Nexd4 29. Nxd4 Nxd4 30. gxf4 Re4 31. Qh3 Rxf4 32. Qh8+ Kf7 33. Rh7+ Ke6 34. Qe8+ Kd6 35. Rd7+ Kc5 36. b4+ Kb6 37. Qd8+ Qxd8 38. Rxd8 Kc6 39. b5+ Nxb5 40. Rg8 Nc3 41. Rxg6+ Kc5 42. Bd3 Nxa2 43. Rg7 Nb4 44. Be2 Kb6 45. Rg6+ Nc6 46. Rd6 Kc5 47. Rd7 b5 48. Bf3 Rxf3 0-1